Vista normal
Vista MARC
Entrada Materia (personas)
Número de registros utilizados en: 1
001 - CONTROL NUMBER
- control field: 81886
003 - CONTROL NUMBER IDENTIFIER
- control field: Co-BoUCM
005 - DATE AND TIME OF LATEST TRANSACTION
- control field: 20161116155028.0
008 - FIXED-LENGTH DATA ELEMENTS
- fixed length control field: 161116|| aca||aabn | a|a d
040 ## - CATALOGING SOURCE
- Original cataloging agency: Co-BoUCM
- Transcribing agency: Co-BoUCM
100 ## - HEADING--PERSONAL NAME
- Personal name: Alonso de Antonio, Angel Luis
670 ## - SOURCE DATA FOUND
- Source citation: Work cat.: (Co-BoUCM)305054: Alonso Antonio, José Antonio de 81884, Introducción al derecho parlamentario, 2002